00491nam a2200145Ia 4500008004100000082001400041100002000055245007200075260003400147300000800181600000600189630007200195700000600267730007200273090122s9999 xx 000 0 und d b1840a635 aPbFcKononikov aVegetable Growing in Home Gardens of Tropical and Subtropical Areas b"Mir Publishers, Mosow"c1988 a157 aP aVegetable Growing in Home Gardens of Tropical and Subtropical Areas aP aVegetable Growing in Home Gardens of Tropical and Subtropical Areas